000 00738nam a22002177a 4500
005 20130724112725.0
010 _aENG-104407
020 _a9789380801629
_c995.00
035 _aEN -87940
035 _aB-491463
037 _bDBAD/PUB
037 _bLiteracy House/Ven
_adpl
082 _a327.54
100 _aSharma, D.K.
245 _aIndian foreign policy /
_cby D.K.Sharma
260 _aNew Delhi
_bD.P.S. Publishing House
_c2011
270 _aRoom No. 213, 7/28, Mahavir Street, Ansari Road, Darya Ganj,
_bNew Delhi
_e110002
300 _a318p.
_c22cm (Hb)
942 _2ddc
_cEN
_mSHA
_h327.54
999 _c59736
_d59736